| 000 -LEADER |
| fixed length control field |
00536nam a22001697a 4500 |
| 008 - FIXED-LENGTH DATA ELEMENTS--GENERAL INFORMATION |
| fixed length control field |
201202b ||||| |||| 00| 0 eng d |
| 040 ## - CATALOGING SOURCE |
| Original cataloging agency |
BMS College of Architecture |
| 100 ## - MAIN ENTRY--PERSONAL NAME |
| Personal name |
Utmani, Ritika |
| 245 ## - TITLE STATEMENT |
| Title |
Antarabhava - the Architecture of healing |
| 300 ## - PHYSICAL DESCRIPTION |
| Extent |
viii,38p. |
| 500 ## - GENERAL NOTE |
| General note |
1BM13AT061 |
| 502 ## - DISSERTATION NOTE |
| Degree type |
B,Arch |
| Name of granting institution |
BMS College of Architecture, Visvesvaraya Technological University (VTU) |
| Dissertation note |
Project report |
| Year degree granted |
2017 |
| 650 ## - SUBJECT ADDED ENTRY--TOPICAL TERM |
| Topical term or geographic name as entry element |
Architecture |
| 700 ## - ADDED ENTRY--PERSONAL NAME |
| Personal name |
Shanu Raina |
| Relator term |
Guide |
| 700 ## - ADDED ENTRY--PERSONAL NAME |
| Personal name |
Praveen Alva |
| Relator term |
Guide |
| 942 ## - ADDED ENTRY ELEMENTS (KOHA) |
| Source of classification or shelving scheme |
|
| Koha item type |
UG-Thesis and Dissertations |